[Event "NED-ch U11"]
[Site "Waalwijk"]
[Date "2012.04.07"]
[Round "9"]
[White "El Bakali, Abdelilah"]
[Black "Ouwerkerk, Matijn"]
[Result "1-0"]
[WhiteElo "781"]
[BlackElo "657"]
[PlyCount "107"]
[EventDate "2012.04.06"]
[EventType "swiss"]
[EventRounds "9"]
[EventCountry "NED"]
[SourceTitle "EXT 2013"]
[Source "ChessBase"]
[SourceDate "2012.11.22"]
[SourceVersion "1"]
[SourceVersionDate "2012.11.22"]
[SourceQuality "1"]

1. e4 e5 2. Nf3 Nc6 3. Bc4 Bc5 4. d3 d6 5. Ng5 Qd7 6. Nxf7 Nf6 7. Nxh8 Ng4 8. 0-0 a6 9. Nf7 b5 10. Bd5 Bb7 11. Bxc6 Bxc6 12. Nc3 Qxf7 13. Qf3 Qg6 14. Qf5 Bd7 15. Qxg6+ hxg6 16. Be3 Nxe3 17. fxe3 Bxe3+ 18. Kh1 0-0-0 19. Nd5 Bd4 20. c3 Bc5 21. b4 Ba7 22. Ne7+ Kb8 23. g4 Re8 24. Nxg6 Kb7 25. g5 Bg4 26. Rf7 Rd8 27. h3 Bh5 28. Rxg7 d5 29. exd5 Rxd5 30. d4 exd4 31. cxd4 Rxd4 32. Ne7 Rd2 33. Rf1 Be2 34. Rf5 Bd3 35. Rf4 Rd1+ 36. Kh2 Bg1+ 37. Kg2 Bc4 38. g6 Be2 39. Rh7 Be3 40. Re4 Rg1+ 41. Kh2 Bf3 42. Rxe3 Rh1+ 43. Kg3 Bh5 44. Rxh5 Rg1+ 45. Kf2 Ra1 46. g7 Rxa2+ 47. Kf3 Ra4 48. g8Q Rxb4 49. Qd5+ Kb6 50. Qc6+ Ka7 51. Nc8+ Kb8 52. Qxa6 Ra4 53. Qxb5+ Kxc8 54. Rh8# 1-0